Name Dropping #9: U.S. Senators - Statistics

General Stats
  • This quiz has been taken 67 times
  • The average score is 27 of 30
Answer Stats
Hint Extra Hint Answer % Correct
Mitch R-Kentucky McConnell
100%
Marco R-Florida Rubio
100%
Mitt R-Utah Romney
98%
Bernie I-Vermont Sanders
98%
J. D. R-Ohio Vance
98%
Cory D-New Jersey Booker
95%
Amy D-Minnesota Klobuchar
95%
Chuck D-New York Schumer
95%
Elizabeth D-Massachusetts Warren
95%
Susan R-Maine Collins
93%
Ted R-Texas Cruz
93%
John D-Pennsylvania Fetterman
93%
Lindsey R-South Carolina Graham
93%
Josh R-Missouri Hawley
93%
Kyrsten I-Arizona Sinema
93%
Raphael G. D-Georgia Warnock
93%
Tammy D-Illinois Duckworth
90%
Mazie K. D-Hawaii Hirono
90%
Joe I-West Virginia Manchin
90%
Lisa R-Alaska Murkowski
90%
Marsha R-Tennessee Blackburn
88%
Tommy R-Alabama Tuberville
88%
Tim R-South Carolina Scott
86%
Jon D-Georgia Ossoff
83%
Tom R-Arkansas Cotton
81%
James R-Oklahoma Lankford
79%
Chuck R-Iowa Grassley
76%
John R-Louisiana Kennedy
76%
Cindy R-Mississippi Hyde-Smith
74%
Sheldon D-Rhode Island Whitehouse
71%
No matching quizzes found
Score Distribution
Percent of People with Each Score
Percentile by Number Answered
Your Score History
You have not taken this quiz